Dinasaur detedtove's : search and find rescue mission

Bibliographic Details
Main Author: Guerrive, Sophie
Format: Book
Published: London : Wide eyed Editions , 2017
Subjects:

MARC

LEADER 00000cam a2200000 7i4500
001 0000278018
005 20201127100559.0
020 |a 9781786030719 
090 0 0 |a JF   |b GUE 
100 1 |a Guerrive, Sophie 
245 1 0 |a Dinasaur detedtove's :   |b search and find rescue mission   |c Sophie Guerrive 
260 |a London :   |b Wide eyed Editions ,   |c 2017 
300 |a 1v.(unpaged) :   |b col.ill. ;   |c 31cm. 
650 0 |a Picture puzzles   |x Juvenile literature 
999 |a 00384620   |b BUKU   |c PINJAMAN   |e PERPUSTAKAAN KOMUNITI PETALING JAYA